000 00492nam a22001577a 4500
999 _c9212
_d9212
008 210329b ||||| |||| 00| 0 eng d
040 _aBMS College of Architecture
100 _aS, Thejaswini
245 _aInnovative film institute at Bidadi Bangalore
300 _a37p.
500 _a1BM03AT031
502 _8B.Arch
_NBMS College of Architecture, Visvesvaraya Technological University
_aProject report
_d2007
650 _aFilm Insitute
700 _aSatish Rao
_eGuide
942 _2ddc
_cTHE